Statistics for 50s Music Legends by Picture

Click here to take the quiz!

General Stats

  • This quiz has been taken 26 times
  • The average score is 5 of 16

Answer Stats

Answer% Correct
Ritchie Valens
76%
Ricky Nelson
62%
Bobby Darin
52%
Frankie Lymon & The Teenagers
43%
Paul Anka
43%
Dion & The Belmonts
33%
The Platters
29%
Brian Hyland
24%
Bobby Vinton
19%
The Drifters
19%
The Skyliners
19%
Ray Peterson
14%
The Diamonds
10%
Jimmy Patton
5%
Johnny Burnette
5%
Larry Terry
5%

Score Distribution

Percentile by Number Answered

Percent of People with Each Score

Your Score History

You have not taken this quiz